[Event "Reykjavik Open 2013"]
[Site "Reykjavik, Iceland"]
[Date "2013.02.23"]
[Round "6.48"]
[White "Hardarson, Jon Trausti"]
[Black "Wahlbom, Magnus"]
[Result "0-1"]
[WhiteElo "1853"]
[BlackElo "2279"]
[PlyCount "66"]
[EventDate "2013.02.19"]

1. e4 c5 2. Nf3 d6 3. d4 cxd4 4. Nxd4 Nf6 5. Nc3 a6 6. Bg5 e6 7. f4 Nc6 8. Nxc6
bxc6 9. e5 h6 10. Bh4 g5 11. fxg5 Nd5 12. Ne4 Qb6 13. c3 dxe5 14. g6 Qe3+ 15.
Qe2 fxg6 16. Qxe3 Nxe3 17. Kd2 Nf5 18. Bf6 Bg7 19. Bxg7 Nxg7 20. Bc4 Ke7 21.
Ke2 a5 22. Nc5 Ne8 23. Bd3 Kd6 24. b4 Rg8 25. Rhd1 Nf6 26. Ne4+ Ke7 27. Nxf6
Kxf6 28. Ke3 axb4 29. cxb4 Ra3 30. Ke4 c5 31. Rf1+ Ke7 32. Bc4 Bb7+ 33. Kxe5
Re3+ 0-1

[Event "Reykjavik Open 2013"]
[Site "Reykjavik, Iceland"]
[Date "2013.02.23"]
[Round "6.49"]
[White "Thorhallsson, Throstur"]
[Black "Johansen, Stian"]
[Result "1-0"]
[WhiteElo "2441"]
[BlackElo "2090"]
[PlyCount "49"]
[EventDate "2013.02.19"]

1. e4 e5 2. Nf3 Nc6 3. Bc4 Bc5 4. c3 Nf6 5. d3 O-O 6. Bb3 d5 7. Qe2 Be6 8. Ng5
Bc8 9. exd5 Nxd5 10. Nxh7 Kxh7 11. Qe4+ f5 12. Qxd5 Qxd5 13. Bxd5 Ne7 14. Bf3
c6 15. Nd2 Be6 16. Nb3 Bd6 17. O-O Kg6 18. Re1 Rh8 19. g3 Bd5 20. Bg2 Kf6 21.
h4 f4 22. d4 exd4 23. Nxd4 c5 24. Bxd5 Be5 25. Nf3 1-0

[Event "Reykjavik Open 2013"]
[Site "Reykjavik, Iceland"]
[Date "2013.02.23"]
[Round "6.50"]
[White "Raddatz, Michael"]
[Black "Malmdin, Nils-Ake"]
[Result "0-1"]
[WhiteElo "2075"]
[BlackElo "2281"]
[PlyCount "78"]
[EventDate "2013.02.19"]

1. e4 c5 2. Nf3 Nc6 3. d4 cxd4 4. Nxd4 g6 5. Be3 Bg7 6. Nc3 Nf6 7. Be2 O-O 8.
Qd2 d5 9. exd5 Nb4 10. d6 Nbd5 11. dxe7 Qxe7 12. Nxd5 Nxd5 13. Bg5 Qc5 14. c3
Nf6 15. Nb3 Qc6 16. Bf3 Re8+ 17. Be3 Ne4 18. O-O Nxd2 19. Bxc6 Rxe3 20. Rfd1
Nxb3 21. Rd8+ Bf8 22. axb3 Re7 23. Be8 Kg7 24. Kf1 Rc7 25. Bb5 b6 26. Bc4 Bb7
27. Rd3 Bc6 28. Ba6 Be4 29. Rd4 Bc6 30. b4 Rd7 31. Rxd7 Bxd7 32. Rd1 Rd8 33.
Rd4 Be7 34. Rc4 Be6 35. Rc7 Rd7 36. Rc6 Bg5 37. Bb5 Rd1+ 38. Ke2 Rd2+ 39. Ke1
Bd7 0-1

[Event "Reykjavik Open 2013"]
[Site "Reykjavik, Iceland"]
[Date "2013.02.23"]
[Round "6.52"]
[White "Ragnarsson, Johann"]
[Black "Thompson, Ian D"]
[Result "1/2-1/2"]
[WhiteElo "2046"]
[BlackElo "2260"]
[PlyCount "114"]
[EventDate "2013.02.19"]

1. d4 d5 2. c4 e6 3. Nc3 c6 4. cxd5 exd5 5. Qc2 g6 6. Bf4 Bf5 7. Qd2 Nf6 8. Nf3
Nbd7 9. e3 Ne4 10. Nxe4 dxe4 11. Ng1 Nb6 12. Be5 f6 13. Bg3 Qd5 14. Ne2 Nc4 15.
Qc3 Qb5 16. O-O-O Nb6 17. Nf4 Qa4 18. a3 Nd5 19. Qc4 Qxc4+ 20. Bxc4 Nxf4 21.
Bxf4 O-O-O 22. Kb1 g5 23. Bg3 h5 24. h3 h4 25. Bh2 Bd6 26. Kc1 Bxh2 27. Rxh2
Rd6 28. Bb3 Be6 29. Bxe6+ Rxe6 30. Rhh1 Kc7 31. Rhf1 Rhe8 32. Kd2 Kd6 33. Rc1
f5 34. Rc5 Rf8 35. Rfc1 g4 36. Ke2 Rg6 37. Rh1 b6 38. Re5 c5 39. b4 cxd4 40.
exd4 Rc8 41. Kd2 g3 42. Rf1 Rc4 43. Rxf5 Rxd4+ 44. Ke3 Rd3+ 45. Kxe4 Rxa3 46.
Rd1+ Ke7 47. Re5+ Re6 48. fxg3 Rxg3 49. Ra1 Rxe5+ 50. Kxe5 a5 51. bxa5 bxa5 52.
Ra2 Rg5+ 53. Kf4 Rb5 54. Kf3 Kf6 55. Ra4 Kg5 56. Ke3 Rb3+ 57. Kf2 Rb5 1/2-1/2

[Event "Reykjavik Open 2013"]
[Site "Reykjavik, Iceland"]
[Date "2013.02.23"]
[Round "6.53"]
[White "Beeke, Bob"]
[Black "Ofstad, Sigurd"]
[Result "1/2-1/2"]
[WhiteElo "2257"]
[BlackElo "1985"]
[PlyCount "118"]
[EventDate "2013.02.19"]

1. Nf3 f5 2. g3 Nf6 3. Bg2 g6 4. O-O Bg7 5. c4 O-O 6. Nc3 d6 7. d3 Nc6 8. Rb1
a5 9. a3 e5 10. b4 axb4 11. axb4 h6 12. b5 Ne7 13. Bb2 Be6 14. Ra1 Rb8 15. Ra7
Qc8 16. Qa1 Rf7 17. c5 e4 18. Nd4 d5 19. dxe4 fxe4 20. Nxe6 Qxe6 21. Ra8 Rbf8
22. Rxf8+ Rxf8 23. Nd1 Nf5 24. Qa2 Qc8 25. f3 exf3 26. Rxf3 c6 27. bxc6 bxc6
28. Bh3 Rf7 29. Qa1 Qf8 30. Bxf5 gxf5 31. Nf2 Qxc5 32. Bd4 Ne4 33. Bxg7 Rxg7
34. Qe5 Rf7 35. Kg2 Qd6 36. Qe8+ Rf8 37. Qh5 Ng5 38. Rf4 Kg7 39. Nd3 c5 40. Ra4
Rf7 41. Nf4 Qc6 42. Ra5 d4+ 43. Kg1 Rb7 44. Ra1 Rf7 45. h4 Ne4 46. Qf3 c4 47.
Kh2 c3 48. Qd3 Qd7 49. Ra5 Nf2 50. Qxd4+ Qxd4 51. Ne6+ Kg6 52. Nxd4 Rc7 53. h5+
Kh7 54. Nc2 Ng4+ 55. Kh3 Rf7 56. Nd4 Rc7 57. Nc2 Rf7 58. Nd4 Rc7 59. Nc2 Rf7
1/2-1/2

[Event "Reykjavik Open 2013"]
[Site "Reykjavik, Iceland"]
[Date "2013.02.23"]
[Round "6.56"]
[White "Wang, Yiye"]
[Black "Leimeister, Winfried"]
[Result "1-0"]
[WhiteElo "2226"]
[BlackElo "1909"]
[PlyCount "41"]
[EventDate "2013.02.19"]

1. e4 c5 2. Nf3 g6 3. d4 cxd4 4. Qxd4 Nf6 5. e5 Nc6 6. Qa4 Nd5 7. Qe4 Nc7 8.
Bf4 Ne6 9. Nc3 Qa5 10. O-O-O Bg7 11. Bc4 O-O 12. Nd5 Rb8 13. h4 b5 14. Bb3 Nc5
15. Qe3 Nxb3+ 16. Qxb3 Qa4 17. h5 Qxb3 18. cxb3 b4 19. Nd4 Nxe5 20. Nxe7+ Kh8
21. hxg6 1-0

[Event "Reykjavik Open 2013"]
[Site "Reykjavik, Iceland"]
[Date "2013.02.23"]
[Round "6.57"]
[White "Gunnarsson, Sigurdur Jon"]
[Black "Halldorsson, Jon Arni"]
[Result "0-1"]
[WhiteElo "2000"]
[BlackElo "2222"]
[PlyCount "98"]
[EventDate "2013.02.19"]

1. d4 d5 2. Bf4 c5 3. e3 Nc6 4. c3 Nf6 5. Qb3 e6 6. Nf3 Be7 7. Nbd2 Nh5 8. Bg3
O-O 9. Be2 cxd4 10. cxd4 Bd7 11. Rc1 Nxg3 12. hxg3 f5 13. O-O Bd6 14. Ne1 Na5
15. Qd1 Qb6 16. Nd3 Rac8 17. Rxc8 Rxc8 18. Qb1 Bb5 19. Rc1 Rc6 20. Rxc6 bxc6
21. Nc1 c5 22. Bxb5 Qxb5 23. dxc5 Qxc5 24. Ncb3 Nxb3 25. Nxb3 Qc8 26. Qd3 Be5
27. Qd2 Qa6 28. Nc1 Kf7 29. Nd3 Bd6 30. Nc1 Qc4 31. b3 Qc6 32. Nd3 e5 33. Nb4
Bxb4 34. Qxb4 Qc1+ 35. Kh2 Qc7 36. Qb5 Ke6 37. Qe8+ Qe7 38. Qc6+ Qd6 39. Qe8+
Kf6 40. f4 exf4 41. gxf4 d4 42. exd4 Qxf4+ 43. Kh1 Qh4+ 44. Kg1 Qxd4+ 45. Kh1
Qa1+ 46. Kh2 Qe5+ 47. Qxe5+ Kxe5 48. Kg3 g5 49. Kf3 Kd4 0-1

[Event "Reykjavik Open 2013"]
[Site "Reykjavik, Iceland"]
[Date "2013.02.23"]
[Round "6.59"]
[White "Newrkla, Alexander"]
[Black "Bergsson, Stefan"]
[Result "0-1"]
[WhiteElo "1969"]
[BlackElo "2180"]
[PlyCount "52"]
[EventDate "2013.02.19"]

1. e4 e5 2. Nf3 Nc6 3. d4 exd4 4. Nxd4 Bc5 5. Be3 Qf6 6. Nb5 Bxe3 7. fxe3 Qd8
8. Qg4 Nf6 9. Qxg7 Rg8 10. Nxc7+ Ke7 11. Qh6 Qxc7 12. Nc3 Rg6 13. Qh4 Kf8 14.
O-O-O Qe5 15. Bc4 b5 16. Bxb5 Nb4 17. Bc4 Rb8 18. Rhf1 d6 19. Qf4 Qxf4 20. Rxf4
Ke7 21. g3 Nc6 22. Nb5 Bg4 23. Bd5 Nxe4 24. Bxe4 Be6 25. Bd5 Rc8 26. Rf3 Re8
0-1

[Event "Reykjavik Open 2013"]
[Site "Reykjavik, Iceland"]
[Date "2013.02.23"]
[Round "6.61"]
[White "Klug, Christian"]
[Black "Ingvason, Johann"]
[Result "1/2-1/2"]
[WhiteElo "1894"]
[BlackElo "2148"]
[PlyCount "132"]
[EventDate "2013.02.19"]

1. e4 e6 2. d4 d5 3. Nd2 c5 4. Ngf3 Nc6 5. exd5 exd5 6. Bb5 Bd6 7. O-O Nge7 8.
dxc5 Bxc5 9. Nb3 Bb6 10. c4 a6 11. cxd5 axb5 12. dxc6 bxc6 13. Qxd8+ Bxd8 14.
a3 O-O 15. Re1 Nd5 16. Bg5 Bb6 17. Rac1 f6 18. Bd2 Bd7 19. Nfd4 Rfe8 20. Nxc6
Rxe1+ 21. Bxe1 Nf4 22. Rc2 Re8 23. Kf1 Nd3 24. Bb4 Be6 25. Nba5 Bf5 26. Re2
Rxe2 27. Kxe2 Nf4+ 28. Kf3 Nd5 29. Nb3 Bd3 30. Bc5 Bc7 31. Ne7+ Nxe7 32. Bxe7
Be5 33. Ke3 Bf1 34. g3 Bxb2 35. Bb4 Kf7 36. Nd2 Bh3 37. Ne4 Ke6 38. a4 bxa4 39.
Nc5+ Kd5 40. Nxa4 Bd4+ 41. Kd2 Bxf2 42. Nc3+ Kc4 43. Bf8 g6 44. Ne4 Bd4 45. Be7
Kd5 46. Nc3+ Ke6 47. Bd8 g5 48. Ne2 Bc5 49. Nc3 Bf1 50. Bxf6 h6 51. Bg7 h5 52.
Ne4 Bb4+ 53. Bc3 Be7 54. Ke1 Bg2 55. Nf2 Bd6 56. Bd2 Kf5 57. Bc3 h4 58. gxh4
gxh4 59. h3 Kf4 60. Bf6 Kg3 61. Bxh4+ Kxh4 62. Ke2 Kg3 63. Nd3 Bxh3 64. Ke3 Bg2
65. Kd4 Bb7 66. Ne5 Bc6 1/2-1/2

[Event "Reykjavik Open 2013"]
[Site "Reykjavik, Iceland"]
[Date "2013.02.23"]
[Round "6.62"]
[White "Eliasson, Kristjan Orn"]
[Black "Herbold, Manfred"]
[Result "0-1"]
[WhiteElo "1873"]
[BlackElo "2125"]
[PlyCount "87"]
[EventDate "2013.02.19"]

1. e4 c5 2. Nf3 a6 3. d4 cxd4 4. Nxd4 Nf6 5. Nc3 e5 6. Nf3 Bb4 7. Bd2 O-O 8.
Bd3 d5 9. Qe2 d4 10. Nb1 Bxd2+ 11. Nbxd2 Nc6 12. h3 Nh5 13. g3 g6 14. a3 b5 15.
Nb3 Qe7 16. Qd2 Rd8 17. Qh6 f6 18. Nh4 Be6 19. Qd2 Rdb8 20. Ng2 a5 21. g4 Ng7
22. f3 a4 23. Nc1 Na5 24. Ne2 Nc4 25. Qc1 b4 26. O-O g5 27. Kh2 Rc8 28. Kg3 Qd6
29. Kf2 b3 30. h4 h6 31. hxg5 hxg5 32. Rh1 bxc2 33. Rh6 Kf7 34. Ng3 Na5 35. Nf5
Bxf5 36. Qh1 Bg6 37. Rc1 Rab8 38. Rxc2 Rxc2+ 39. Bxc2 d3 40. Bd1 Qd4+ 41. Kg3
Rxb2 42. Rh8 Qf2+ 43. Kh3 Ne6 44. Bxa4 0-1

[Event "Reykjavik Open 2013"]
[Site "Reykjavik, Iceland"]
[Date "2013.02.23"]
[Round "6.63"]
[White "Davidsdottir, Nansy"]
[Black "Van Heirzeele, Daniel"]
[Result "0-1"]
[WhiteElo "1479"]
[BlackElo "2125"]
[PlyCount "50"]
[EventDate "2013.02.19"]

1. e4 c5 2. Nf3 d6 3. d4 cxd4 4. Nxd4 Nf6 5. Nc3 g6 6. Be2 Bg7 7. Be3 Nc6 8.
O-O O-O 9. Nb3 Be6 10. f4 Rc8 11. f5 Bd7 12. fxg6 hxg6 13. Qd2 Ne5 14. Bh6 Nfg4
15. Bxg7 Kxg7 16. Bxg4 Bxg4 17. Nd5 Be6 18. Nd4 Bxd5 19. exd5 Rh8 20. Kh1 Rh5
21. Rae1 Qd7 22. Qf2 Rxh2+ 23. Kg1 Rch8 24. Qf4 Qg4 25. Qd2 Qg3 0-1

[Event "Reykjavik Open 2013"]
[Site "Reykjavik, Iceland"]
[Date "2013.02.23"]
[Round "6.64"]
[White "Drill, Frank"]
[Black "Maggason, Oskar"]
[Result "1-0"]
[WhiteElo "2124"]
[BlackElo "1903"]
[PlyCount "61"]
[EventDate "2013.02.19"]

1. e4 e5 2. d4 Nc6 3. dxe5 Nxe5 4. Nf3 Ng6 5. Bc4 h6 6. O-O d6 7. e5 c6 8. c3
Bg4 9. exd6 Bxd6 10. Qb3 Qc7 11. Re1+ Kf8 12. Nbd2 b5 13. Bf1 Nf6 14. a4 Be6
15. Rxe6 fxe6 16. Nd4 Bxh2+ 17. Kh1 Qd6 18. N2f3 Ng4 19. g3 Bxg3 20. Nxe6+ Ke7
21. Nfd4 Nxf2+ 22. Kg1 Rhf8 23. Bf4 Nxf4 24. Nxf4 Rxf4 25. Re1+ Kd7 26. Bg2 Rf6
27. Bxc6+ Qxc6 28. Nxc6 Rxc6 29. Qd5+ Kc7 30. Re7+ Kb6 31. Qxb5# 1-0

[Event "Reykjavik Open 2013"]
[Site "Reykjavik, Iceland"]
[Date "2013.02.23"]
[Round "6.65"]
[White "Borsos, Bogdan"]
[Black "Jensen, Soren"]
[Result "1-0"]
[WhiteElo "2260"]
[BlackElo "1909"]
[PlyCount "81"]
[EventDate "2013.02.19"]

1. Nf3 g6 2. e4 Bg7 3. d4 d6 4. Nbd2 Nc6 5. c3 e5 6. Bb5 Bd7 7. d5 Nce7 8.
Bxd7+ Qxd7 9. Qb3 b6 10. a4 Nf6 11. Qb5 O-O 12. h3 a6 13. Qxd7 Nxd7 14. O-O h6
15. a5 f5 16. axb6 Nxb6 17. Rd1 fxe4 18. Nxe4 Nexd5 19. c4 Nf6 20. Nxf6+ Rxf6
21. b3 a5 22. Be3 Nd7 23. Rd5 c5 24. Rad1 Ra6 25. Nd2 Re6 26. Ne4 Bf8 27. R5d3
Nf6 28. Nc3 Kg7 29. Nb5 Ne8 30. Ra1 Be7 31. Ra2 Bg5 32. Bxg5 hxg5 33. Rd1 e4
34. Rda1 Kf6 35. Kf1 Re5 36. Rxa5 Rxa5 37. Rxa5 d5 38. cxd5 Rxd5 39. Nc3 Re5
40. Rxc5 Nd6 41. b4 1-0

[Event "Reykjavik Open 2013"]
[Site "Reykjavik, Iceland"]
[Date "2013.02.23"]
[Round "6.66"]
[White "Van Weersel, Arlette"]
[Black "Jablon, Stephen"]
[Result "1-0"]
[WhiteElo "2211"]
[BlackElo "1896"]
[PlyCount "49"]
[EventDate "2013.02.19"]

1. e4 c6 2. d4 d5 3. exd5 cxd5 4. Nf3 Bg4 5. h3 Bh5 6. c3 e6 7. Qa4+ Nd7 8. Ne5
a6 9. Bd3 b5 10. Qc2 Nxe5 11. dxe5 Bg6 12. O-O Bc5 13. b4 Ba7 14. a4 Qh4 15.
Nd2 Kf8 16. Nf3 Bxd3 17. Qxd3 Qc4 18. Rd1 Ne7 19. axb5 Qxb5 20. Qxb5 axb5 21.
Be3 Nc6 22. Ra6 d4 23. Nxd4 Nb8 24. Raa1 Ke7 25. Nxb5 1-0

[Event "Reykjavik Open 2013"]
[Site "Reykjavik, Iceland"]
[Date "2013.02.23"]
[Round "6.67"]
[White "Merkesvik, Sondre"]
[Black "Palsson, Halldor"]
[Result "0-1"]
[WhiteElo "1903"]
[BlackElo "2078"]
[PlyCount "110"]
[EventDate "2013.02.19"]

1. Nf3 Nf6 2. g3 d6 3. Bg2 g6 4. O-O Bg7 5. c4 O-O 6. Nc3 e5 7. d4 Nfd7 8. dxe5
dxe5 9. Nd2 a5 10. b3 Na6 11. Ba3 Re8 12. Qc2 Nb4 13. Qc1 c6 14. Rd1 f5 15. Nf3
e4 16. Ne1 Qb6 17. Bb2 Nc5 18. Nc2 Be6 19. Ne3 Red8 20. Rxd8+ Rxd8 21. Na4 Nxa4
22. Bxg7 Kxg7 23. bxa4 Qd4 24. a3 Na6 25. Qe1 b6 26. Rd1 Qf6 27. Rb1 Rb8 28.
Qd2 Qe5 29. Nc2 Nc5 30. Nd4 Bd7 31. Nb3 Be8 32. Nxa5 Nxa4 33. Nb3 c5 34. Na1
Bc6 35. Nc2 Qf6 36. Ne3 Rd8 37. Qc2 Rd4 38. Bf1 Qd6 39. Rd1 Rxd1 40. Qxd1 Qxd1
41. Nxd1 b5 42. cxb5 Bxb5 43. Ne3 c4 44. Nc2 c3 45. e3 Bd3 46. Nb4 c2 47. Na2
Nc5 48. f4 Kf6 49. Kf2 Ke6 50. Ke1 Nb3 51. a4 Kd6 52. a5 Kc5 53. a6 Kb6 54. h3
Bxf1 55. Kxf1 c1=Q+ 0-1

[Event "Reykjavik Open 2013"]
[Site "Reykjavik, Iceland"]
[Date "2013.02.23"]
[Round "6.68"]
[White "Ingason, Sigurdur"]
[Black "Frick, Renato"]
[Result "0-1"]
[WhiteElo "1878"]
[BlackElo "2075"]
[PlyCount "80"]
[EventDate "2013.02.19"]

1. c4 Nf6 2. g3 e6 3. Bg2 d5 4. Nf3 c6 5. b3 Nbd7 6. Bb2 Bd6 7. d3 Qe7 8. e4
dxe4 9. dxe4 e5 10. Nbd2 a5 11. a3 b6 12. O-O O-O 13. Re1 Bb7 14. Bf1 Rfd8 15.
Qc2 Rac8 16. Nb1 Nf8 17. Bc3 c5 18. Nbd2 N6d7 19. Nh4 g6 20. Ng2 Ne6 21. Ne3
Nd4 22. Qd3 Rc6 23. Nd5 Qf8 24. Bg2 Qg7 25. Rab1 Ra8 26. a4 Nf8 27. Nf1 Nfe6
28. Bd2 Rf8 29. Be3 h6 30. Qd2 Kh7 31. f4 f5 32. exf5 Nxf5 33. fxe5 Bxe5 34.
Nf4 Rd6 35. Nd5 Nxe3 36. Nfxe3 Bd4 37. Kh1 Ng5 38. Rf1 Re8 39. Rbe1 Rde6 40.
Qd3 Bxd5 0-1

[Event "Reykjavik Open 2013"]
[Site "Reykjavik, Iceland"]
[Date "2013.02.23"]
[Round "6.69"]
[White "Knútsson, Lárus"]
[Black "Jonsson, Olafur Gisli"]
[Result "0-1"]
[WhiteElo "2072"]
[BlackElo "1870"]
[PlyCount "130"]
[EventDate "2013.02.19"]

1. e4 e5 2. Nf3 Nc6 3. Bb5 a6 4. Ba4 Nf6 5. O-O Be7 6. Re1 b5 7. Bb3 d6 8. c3
O-O 9. h3 Na5 10. Bc2 c5 11. d4 Qc7 12. d5 c4 13. Nbd2 Bd7 14. Nf1 h6 15. Be3
Rfc8 16. Qd2 Bf8 17. g4 Nb7 18. Ng3 Nc5 19. Nh4 a5 20. f3 b4 21. Nhf5 Kh7 22.
cxb4 axb4 23. Qxb4 Na4 24. Bxa4 Rxa4 25. Qc3 Rca8 26. a3 Qb7 27. Rac1 Ne8 28.
Re2 g6 29. Nh4 Nc7 30. Rcc2 Nb5 31. Qd2 Bg7 32. Kh2 Nd4 33. f4 Nxc2 34. Qxc2 c3
35. bxc3 Rxa3 36. f5 Qb3 37. Qxb3 Rxb3 38. Rc2 Rba3 39. Ng2 Ra2 40. Rf2 Rxf2
41. Bxf2 Ra2 42. Be1 Bf6 43. Kg1 Bg5 44. h4 Bd2 45. Bxd2 Rxd2 46. c4 Kg7 47.
Nf1 Rd4 48. Ng3 Rxc4 49. Kf2 Ba4 50. Ne3 Rb4 51. fxg6 fxg6 52. h5 Bd7 53. Kf3
Rb3 54. Kf2 Kf6 55. hxg6 Kxg6 56. Ngf5 Bxf5 57. Nxf5 Rb6 58. Ke2 Kg5 59. Kd3
Ra6 60. Kc4 Ra4+ 61. Kd3 Kf4 62. Nxd6 Rd4+ 63. Kc3 Kxg4 64. Nf7 Kf4 65. Nxh6
Kxe4 0-1

[Event "Reykjavik Open 2013"]
[Site "Reykjavik, Iceland"]
[Date "2013.02.23"]
[Round "6.70"]
[White "Mihajlov, Svetoslav"]
[Black "Masson, Kjartan"]
[Result "1-0"]
[WhiteElo "2071"]
[BlackElo "1856"]
[PlyCount "60"]
[EventDate "2013.02.19"]

1. d4 Nf6 2. c4 e6 3. Nc3 d5 4. Bg5 Be7 5. Qc2 h6 6. Bh4 c6 7. cxd5 exd5 8. e3
Be6 9. Bd3 Nbd7 10. h3 g5 11. Bg3 Nh5 12. Bh2 Qa5 13. Nge2 Qd8 14. g4 Ng7 15.
O-O-O Nb6 16. Be5 Bf6 17. f4 Bxe5 18. dxe5 gxf4 19. exf4 d4 20. Ne4 Nd5 21. Qc5
Qe7 22. Qxe7+ Kxe7 23. f5 Bxf5 24. gxf5 Nxf5 25. Nf6 Nde3 26. Bxf5 Nxf5 27.
Nxd4 Ne3 28. Rde1 Ng2 29. Re4 c5 30. Ne2 Ke6 1-0

[Event "Reykjavik Open 2013"]
[Site "Reykjavik, Iceland"]
[Date "2013.02.23"]
[Round "6.71"]
[White "Marentini, Marcel"]
[Black "Ghaderi, Arman K"]
[Result "1-0"]
[WhiteElo "2069"]
[BlackElo "1827"]
[PlyCount "105"]
[EventDate "2013.02.19"]

1. c4 e6 2. Nc3 d5 3. cxd5 exd5 4. d4 Be7 5. Bf4 Nf6 6. Qc2 Be6 7. e3 O-O 8.
Bd3 Nbd7 9. Nge2 h6 10. h3 b6 11. Bh2 Ne8 12. O-O c5 13. Nf4 Ndf6 14. Rad1 c4
15. Bf5 Bxf5 16. Qxf5 Nc7 17. Nh5 Nce8 18. Be5 Nxh5 19. Qxh5 Bb4 20. Ne2 Bd6
21. Qf3 Nc7 22. Nf4 Bxe5 23. dxe5 Qe7 24. Nxd5 Qxe5 25. Nc3 Rad8 26. Qb7 Nb5
27. Nd5 Qxb2 28. Rb1 Nd6 29. Qc7 Qxa2 30. Ne7+ Kh8 31. Nc6 Rc8 32. Qxd6 c3 33.
Nd4 Qd2 34. Qe5 a5 35. Nf5 f6 36. Qe7 Rg8 37. Rbd1 Qc2 38. Nd6 Rc5 39. e4 Qb2
40. Rb1 Qe2 41. Rxb6 Kh7 42. Ne8 Rc8 43. Nxf6+ Kh8 44. Nxg8 c2 45. Rxh6+ gxh6
46. Qf6+ Kxg8 47. Qe6+ Kg7 48. Qxc8 a4 49. Qd7+ Kf8 50. Qd6+ Ke8 51. Qe6+ Kd8
52. Qb6+ Ke7 53. Qxh6 1-0

[Event "Reykjavik Open 2013"]
[Site "Reykjavik, Iceland"]
[Date "2013.02.23"]
[Round "6.73"]
[White "de Winter, Eric"]
[Black "Heerde, Thomas"]
[Result "0-1"]
[WhiteElo "1823"]
[BlackElo "2053"]
[PlyCount "94"]
[EventDate "2013.02.19"]

1. g3 Nf6 2. Bg2 g6 3. d4 Bg7 4. Nf3 O-O 5. c4 d6 6. O-O Nbd7 7. Nc3 e5 8. e4
c6 9. h3 Qe7 10. d5 c5 11. Rb1 Ne8 12. a3 h6 13. b4 a6 14. Nh4 Kh7 15. Qd3 Nc7
16. Be3 b6 17. Rbe1 Bb7 18. bxc5 Nxc5 19. Bxc5 bxc5 20. Rb1 Ra7 21. Kh2 Qd8 22.
Nd1 Na8 23. Ne3 Nb6 24. Rb3 Bc8 25. Rfb1 Nd7 26. Nf3 Rc7 27. Nd2 h5 28. h4 Nf6
29. Bh3 Bxh3 30. Kxh3 Bh6 31. Kg2 Bxe3 32. Qxe3 Ng4 33. Qe2 f5 34. Rb7 f4 35.
Rxc7+ Qxc7 36. Nf3 Kg8 37. gxf4 Rxf4 38. Rb3 Rf8 39. Qd2 Qd7 40. Qg5 Kg7 41.
Rb2 Rf4 42. Nh2 Nxh2 43. Kxh2 Rg4 44. Qe3 Rxh4+ 45. Kg1 Qg4+ 46. Qg3 Qd1+ 47.
Kg2 Qh1# 0-1

[Event "Reykjavik Open 2013"]
[Site "Reykjavik, Iceland"]
[Date "2013.02.23"]
[Round "6.76"]
[White "Thorgeirsson, Jon Kristinn"]
[Black "Haraldsson, Leif"]
[Result "1-0"]
[WhiteElo "1766"]
[BlackElo "2028"]
[PlyCount "67"]
[EventDate "2013.02.19"]

1. e4 e5 2. Nf3 Qe7 3. Nc3 c6 4. Bc4 d6 5. d4 h6 6. dxe5 dxe5 7. Be3 Nf6 8. Qd2
Nbd7 9. a3 a5 10. O-O Nh5 11. Rad1 g5 12. Bxg5 hxg5 13. Nxg5 Bh6 14. Bxf7+ Kf8
15. Bxh5 Bxg5 16. Qe2 Nf6 17. Bg6 Ng4 18. h3 Nh6 19. Qf3+ Kg7 20. Bh5 Be6 21.
Qg3 Qf6 22. Rd6 Kh7 23. Rxe6 Qxe6 24. Qxg5 Rhg8 25. Qh4 Raf8 26. Bg4 Qg6 27.
Rd1 Rg7 28. Rd8 Qf6 29. Bf5+ Rg6 30. Qxf6 Rfxf6 31. Rd7+ Rf7 32. Rxf7+ Nxf7 33.
Kf1 Kg7 34. Bxg6 1-0

[Event "Reykjavik Open 2013"]
[Site "Reykjavik, Iceland"]
[Date "2013.02.23"]
[Round "6.77"]
[White "Hojgaard, Brandur"]
[Black "Murray, Michael A"]
[Result "1-0"]
[WhiteElo "1734"]
[BlackElo "2017"]
[PlyCount "85"]
[EventDate "2013.02.19"]

1. e4 Nc6 2. Nf3 e6 3. d4 d5 4. e5 f6 5. Be2 Bd7 6. a3 Qe7 7. Bd2 Qf7 8. O-O
Nge7 9. b4 Nf5 10. Bc3 a6 11. Bb2 Na7 12. exf6 Qxf6 13. Ne5 Bd6 14. f4 Ne3 15.
Ng4 Nxd1 16. Nxf6+ gxf6 17. Bxd1 O-O-O 18. Nd2 Kb8 19. Be2 Nc8 20. c4 dxc4 21.
Nxc4 Be7 22. Bf3 Nd6 23. Na5 c6 24. a4 Nf5 25. b5 Bb4 26. bxc6 Bxa5 27. cxd7
Rxd7 28. d5 Bb6+ 29. Kh1 Nd4 30. dxe6 Nxe6 31. Bxf6 Re8 32. Be5+ Ka7 33. Rfd1
Nc5 34. Rab1 Rxd1+ 35. Rxd1 Nxa4 36. Rd7 Nc5 37. Rxh7 a5 38. h4 a4 39. Bd6 Re1+
40. Kh2 Ne4 41. Re7 Bg1+ 42. Kh3 Bf2 43. Rxe4 1-0

[Event "Reykjavik Open 2013"]
[Site "Reykjavik, Iceland"]
[Date "2013.02.23"]
[Round "6.79"]
[White "Storesund, Henrik"]
[Black "Pretterhofer, Kiaras"]
[Result "0-1"]
[WhiteElo "1759"]
[BlackElo "1997"]
[PlyCount "92"]
[EventDate "2013.02.19"]

1. d4 Nf6 2. c4 e6 3. Nf3 d5 4. Nc3 Bb4 5. Bg5 Nbd7 6. e3 O-O 7. Bd3 c5 8. a3
cxd4 9. exd4 Bxc3+ 10. bxc3 dxc4 11. Bxc4 Qa5 12. Qb3 Ne4 13. Be7 Re8 14. Bb4
Qc7 15. a4 b6 16. O-O Bb7 17. Rac1 Qf4 18. Rfd1 Nef6 19. Be2 Ng4 20. h3 Nh6 21.
c4 Nf5 22. Qd3 Nf6 23. Qd2 Qc7 24. Ne5 Rad8 25. Bc3 Ne4 26. Qb2 f6 27. Nf3 Qf4
28. c5 Nxf2 29. Kxf2 Qg3+ 30. Kg1 Ne3 31. Bf1 Nxd1 32. Rxd1 Bxf3 33. Rd3 bxc5
34. Rxf3 Qd6 35. Rd3 c4 36. Rd2 Rb8 37. Qa2 Qg3 38. Ba1 Qe3+ 39. Rf2 c3 40. Qc2
Rbc8 41. Bd3 Qxd4 42. Bxh7+ Kf8 43. Qb3 f5 44. Kf1 Qc4+ 45. Qxc4 Rxc4 46. Rc2
Kf7 0-1

[Event "Reykjavik Open 2013"]
[Site "Reykjavik, Iceland"]
[Date "2013.02.23"]
[Round "6.80"]
[White "Kristinardottir, Elsa Maria"]
[Black "Andreasen, Jakup A.R"]
[Result "1/2-1/2"]
[WhiteElo "1747"]
[BlackElo "1992"]
[PlyCount "152"]
[EventDate "2013.02.19"]

1. e4 c5 2. Nf3 Nc6 3. Nc3 e6 4. d4 cxd4 5. Nxd4 d6 6. Be3 Nf6 7. f3 Be7 8. Qd2
a6 9. O-O-O Qc7 10. h4 b6 11. g4 Bb7 12. Qf2 b5 13. h5 Ne5 14. g5 Nfd7 15. Kb1
Nc4 16. Bxc4 Qxc4 17. g6 O-O-O 18. gxf7 Rdf8 19. Rd3 Ne5 20. Nd5 exd5 21. Rc3
Qxc3 22. bxc3 Rxf7 23. Nf5 dxe4 24. Nxe7+ Rxe7 25. fxe4 Bxe4 26. Qh4 Nc6 27.
Bg5 Re6 28. Rf1 g6 29. hxg6 Bxg6 30. Qg4 Rhe8 31. Rf6 Kd7 32. Rxe6 Rxe6 33. c4
b4 34. Bh4 a5 35. Kb2 a4 36. c3 Ne5 37. Qd4 Nd3+ 38. Ka1 Re4 39. Qa7+ Ke6 40.
Qe7+ Kf5 41. Qg5+ Ke6 42. Qf6+ Kd7 43. Qd8+ Ke6 44. Qe7+ Kf5 45. Qd7+ Kf4 46.
Qxd6+ Ke3 47. Bg5+ Ke2 48. cxb4 Rxc4 49. Qh2+ Kf3 50. Qh1+ Ke2 51. Qg2+ Nf2 52.
Kb2 Rxb4+ 53. Ka3 Rg4 54. Qd5 Re4 55. Qd2+ Kf3 56. Bh6 Ng4 57. Bf8 Ne3 58. Qh2
Nc2+ 59. Kb2 Ne3 60. Qh3+ Ke2 61. Qh2+ Kd3 62. Qd6+ Rd4 63. Qg3 Rc4 64. Bh6 Re4
65. Ka3 Ke2 66. Qh2+ Kd3 67. Qd6+ Ke2 68. Qa6+ Kf3 69. Qf6+ Ke2 70. Qb2+ Kd3
71. Qb5+ Kd2 72. Qd5+ Ke2 73. Qb5+ Kf3 74. Qd3 Bf5 75. Bg5 Bg6 76. Bh6 Bf5
1/2-1/2

[Event "Reykjavik Open 2013"]
[Site "Reykjavik, Iceland"]
[Date "2013.02.23"]
[Round "6.81"]
[White "Kleinert, Juergen"]
[Black "Bakkes, Frits"]
[Result "1-0"]
[WhiteElo "1991"]
[BlackElo "1750"]
[PlyCount "95"]
[EventDate "2013.02.19"]

1. e4 c6 2. d4 d5 3. e5 e6 4. c3 c5 5. Be3 cxd4 6. cxd4 Ne7 7. Bd3 Nec6 8. Nf3
Nd7 9. O-O Nb6 10. Nbd2 a5 11. Rc1 Bd7 12. Ng5 Be7 13. f4 Nb4 14. Bb1 Nc4 15.
Nxc4 dxc4 16. Qh5 g6 17. Qh6 Bf8 18. Qh3 Nd5 19. g4 Bg7 20. f5 exf5 21. gxf5
gxf5 22. Bxf5 Nxe3 23. Bxd7+ Qxd7 24. Qxd7+ Kxd7 25. Rxf7+ Kc6 26. Kf2 Bh6 27.
h4 Bxg5 28. hxg5 Ng4+ 29. Kg3 h5 30. b3 b5 31. a4 Rad8 32. Rf4 Ne3 33. axb5+
Kxb5 34. Kf3 Ng4 35. bxc4+ Ka6 36. Ke4 Rhf8 37. Rxf8 Rxf8 38. e6 Nf2+ 39. Ke3
Ng4+ 40. Ke2 Kb6 41. Rh1 Rf2+ 42. Kd3 Rf3+ 43. Ke4 Re3+ 44. Kd5 a4 45. Kd6 a3
46. e7 Rd3 47. Rb1+ Ka5 48. e8=Q 1-0

[Event "Reykjavik Open 2013"]
[Site "Reykjavik, Iceland"]
[Date "2013.02.23"]
[Round "6.82"]
[White "Billot, Daniel"]
[Black "Johannesson, Oliver"]
[Result "0-1"]
[WhiteElo "1731"]
[BlackElo "1988"]
[PlyCount "40"]
[EventDate "2013.02.19"]

1. e4 c5 2. c3 Nf6 3. e5 Nd5 4. d4 cxd4 5. cxd4 Nc6 6. Nf3 d6 7. Bc4 Nb6 8. Bb5
Bd7 9. exd6 e6 10. Bf4 Nd5 11. Bd2 Bxd6 12. O-O Qb6 13. Qe2 a6 14. Bxc6 Bxc6
15. Nc3 Qxb2 16. Ne4 Be7 17. Rfb1 Qc2 18. Ne1 Nf4 19. Qg4 Qxe4 20. Bxf4 g5 0-1